Development of new gas odorants /
Guardado en:
| Autor Corporativo: | |
|---|---|
| Formato: | Libro |
| Idioma: | English |
| Publicado: |
Cambridge,Ma :
Arthur D. Little,
1978.
|
| Materias: | |
| Etiquetas: |
Agregar Etiqueta
Sin Etiquetas, Sea el primero en etiquetar este registro!
|
| LEADER | 00613nam a22001695a 4500 | ||
|---|---|---|---|
| 001 | EIQ.libpla003537 | ||
| 008 | 080211s1978####maua#####b####000#0#eng#d | ||
| 005 | 20080211181808.0 | ||
| 245 | 1 | 0 | |a Development of new gas odorants / |c report to Gas Research Institute, December 1978. |
| 260 | |a Cambridge,Ma : |b Arthur D. Little, |c 1978. | ||
| 300 | |a vii, [62 p.] : |b il., tablas, figuras ; |c 28 cm. | ||
| 500 | |a "GRI-78/0019". | ||
| 650 | 4 | |a Gas natural |x Odorización. | |
| 650 | 4 | |a Natural gas |x Odorization. | |
| 040 | |a AR-BbSID |b spa |c AR-BbSID | ||
| 110 | 2 | |a Gas Research Institute. | |
| 859 | |a AR-BbSID |b BIB. PLAPIQUI |h 665.73 |i G 21 |p 5389 | ||
